000 00309nam a2200133Ia 4500
005 20251222155121.0
008 251222s9999||||xx |||||||||||||| ||spa||
082 _aREL.41
100 _aSERER Vicente.
245 0 _aHe creido en el amor
250 _a1ra. ed.
264 _bEdiciones Paulinas
942 _cLIB
999 _c38450
_d38450